Directory of Research Academic year 1995-96. (Record no. 348507)

000 -LEADER
fixed length control field 00675 a2200205 4500
003 - CONTROL NUMBER IDENTIFIER
control field OSt
005 - DATE AND TIME OF LATEST TRANSACTION
control field 20180116182923.0
008 - FIXED-LENGTH DATA ELEMENTS--GENERAL INFORMATION
fixed length control field 160520b xxu||||| |||| 00| 0 eng d
020 ## - INTERNATIONAL STANDARD BOOK NUMBER
International Standard Book Number 0
040 ## - CATALOGING SOURCE
Transcribing agency 0
082 ## - DEWEY DECIMAL CLASSIFICATION NUMBER
Classification number 001.4095957 DIR 1996
100 ## - MAIN ENTRY--PERSONAL NAME
Personal name The National University of Singapore.
110 ## - MAIN ENTRY--CORPORATE NAME
Corporate name or jurisdiction name as entry element The National University of Singapore.
245 ## - TITLE STATEMENT
Title Directory of Research Academic year 1995-96.
Statement of responsibility, etc. The National University of Singapore.
250 ## - EDITION STATEMENT
Edition statement Singapore.
Remainder of edition statement The National University of Singapore.
260 ## - PUBLICATION, DISTRIBUTION, ETC.
Place of publication, distribution, etc. Singapore.
Name of publisher, distributor, etc. The National University of Singapore.
Date of publication, distribution, etc. 1996
300 ## - PHYSICAL DESCRIPTION
Extent 360p.
Other physical details PB
500 ## - GENERAL NOTE
General note Paper cover.
942 ## - ADDED ENTRY ELEMENTS (KOHA)
Institution code [OBSOLETE] NBS
Koha item type Book
Call number prefix 001.4095957 DIR
Source of classification or shelving scheme
Holdings
Withdrawn status Lost status Source of classification or shelving scheme Damaged status Not for loan Collection code Permanent Location Current Location Shelving location Date acquired Full call number Barcode Date last seen Price effective from Koha item type
          Computer Science Central Library (CL) Central Library (CL) First Floor - Computer Science 08/28/2013 001.44025 DIR NBSD-1707 08/13/2024 08/28/2013 Book
© 2023 Central Library, National University of Sciences and Technology. All Rights Reserved.